Marvel Teams Quiz - Statistics

General Stats
  • This quiz has been taken 248 times
  • The average score is 34 of 40
Answer Stats
Team Members % Correct
Original Avengers (MCU) Captain America
99%
Captain America's Avengers Captain America
99%
Original Avengers (Comics) Iron Man
99%
Original Avengers (MCU) Iron Man
99%
Iron Man's Avengers Iron Man
99%
Original Avengers (MCU) Black Widow
98%
Iron Man's Avengers Black Widow
98%
Original Avengers (MCU) Hawkeye
98%
Captain America's Avengers Hawkeye
98%
Original Avengers (Comics) The Hulk
98%
Original Avengers (MCU) The Hulk
98%
Original Avengers (Comics) Thor
98%
Original Avengers (MCU) Thor
98%
Iron Man's Avengers Spider-Man
92%
Iron Man's Avengers Black Panther
91%
Fantastic Four Mr. Fantastic
91%
Fantastic Four Thing
90%
Original Avengers (Comics) Ant-Man
89%
Captain America's Avengers Ant-Man
89%
Fantastic Four Human Torch
89%
Fantastic Four Invisible Woman
89%
Captain America's Avengers Winter Soldier
88%
Captain America's Avengers Falcon
86%
Brotherhood of Evil Mutants Scarlet Witch
86%
Captain America's Avengers Scarlet Witch
86%
Iron Man's Avengers Vision
85%
Original X-Men (Comics) Cyclops
83%
Original X-Men (Comics) Professor X
82%
Iron Man's Avengers War Machine
82%
Brotherhood of Evil Mutants Magneto
81%
Original X-Men (Comics) Jean Grey
79%
Original X-Men (Comics) Beast
76%
Original Avengers (Comics) The Wasp
76%
Brotherhood of Evil Mutants Quicksilver
72%
Brotherhood of Evil Mutants Mystique
67%
Original X-Men (Comics) Iceman
61%
Original X-Men (Comics) Angel
58%
Brotherhood of Evil Mutants Toad
54%
Brotherhood of Evil Mutants Sabretooth
39%
Brotherhood of Evil Mutants Blob
30%
No matching quizzes found
Score Distribution
Percent of People with Each Score
Percentile by Number Answered
Your Score History
You have not taken this quiz